| 000 | 00438nam a22001697a 4500 | ||
|---|---|---|---|
| 005 | 20260413125504.0 | ||
| 008 | 160611b xxu||||| |||| 00| 0 eng d | ||
| 020 | _a978-0-00-725314-1 | ||
| 041 | _aeng | ||
| 082 | _a658.4 | ||
| 100 |
_aWelch, Jack Welch, Suzy _91734 |
||
| 245 | _aWinning is a business and management book | ||
| 260 |
_aNoida _bHarper collins Publishees, _c2005 |
||
| 300 | _a359 | ||
| 650 | _aManagement | ||
| 942 | _cBK | ||
| 999 |
_c2444 _d2443 |
||